000 00725nam a2200217 4500
001 map68000021
003 DLC
005 20260227111556.0
008 682609r19681879kyub 00000 eng
010 _amap68000021
050 0 _aG1333.J4
_bB4 1968
110 2 0 _aBeers & Lanagan.
245 1 0 _aAtlas of Jefferson and Oldham Counties, Kentucky.
_cPhiladelphia, 1879;
260 0 _aLouisville, Ky.,
_bReprinted for Historic Reprints,
_c1968.
300 _a70 p.
_bcol. maps (1 fold.)
_c42 cm.
500 _aFacsim. of 1879 edition.
651 0 _aJefferson Co., Ky.
_xMaps.
651 0 _aOldham County, Ky.
_xMaps.
650 0 _aReal property
_zJefferson Co., Ky.
_xMaps.
650 0 _aReal property
_zOldham County, Ky.
_xMaps.
999 _c37816
_d37816